| 000 | 00541nam a22002057a 4500 | ||
|---|---|---|---|
| 999 |
_c667 _d667 |
||
| 003 | GBCCL | ||
| 005 | 20241126110343.0 | ||
| 008 | 170301b xxu||||| |||| 00| 0 eng d | ||
| 020 | _a9789352671595 | ||
| 040 | _cgbc | ||
| 082 |
_aVER 266.009591 _bTOM |
||
| 100 |
_aTombing, Pumzathang _9700 |
||
| 245 | _aZogam khanlawhna leh missionary box | ||
| 260 |
_aTulsa, USA: _bLal & Lydia kim khuptong, _cc2016. |
||
| 300 | _a187p. ; | ||
| 630 |
_aMissions _9701 |
||
| 630 |
_aNorth east India _9702 |
||
| 630 |
_aMyanmar _9703 |
||
| 942 |
_2ddc _cBK _03 |
||